Science Quiz

Random Science or Blitz Quiz

Threesums: 60-Second Math Blitz Quiz Stats

 Plays Quiz Updated Mar 17, 2020

Support Sporcle.
Go Orange.
Score 0/20 Timer 01:00
0 Plays Today
Add Three-sum % Correct
2+3+712
99.5%
7+9+1228
97.5%
12+13+1439
95.3%
14+17+1950
89.8%
19+23+2668
84.6%
26+27+2881
76.7%
28+30+3391
73.1%
33+38+41112
59.9%
41+47+48136
50.1%
48+51+57156
42.1%
Add Three-sum % Correct
57+62+65184
25.8%
65+66+67198
20.1%
67+73+77217
15.2%
108+112+120340
13.4%
77+81+82240
12.7%
82+85+88255
8.9%
97+98+99294
8.3%
99+105+108312
8.1%
88+90+91269
7.9%
91+94+97282
6.6%

You're not logged in!

Compare scores with friends on all Sporcle quizzes.
OR
Log In

From the Vault

Word Hourglass XXIII

by sproutcm

You don't have an hour to take this quiz, though.
Remove Ads.
Support Sporcle.
Get the best of Sporcle when you Go Orange. This ad-free experience offers more features, more stats, and more fun while also helping to support Sporcle. Thank you for becoming a member.

Show Comments

Extras

Top Quizzes Today


Score Distribution

Your Account Isn't Verified!

In order to create a playlist on Sporcle, you need to verify the email address you used during registration. Go to your Sporcle Settings to finish the process.

Report this User

Report this user for behavior that violates our Community Guidelines.

Details: